Films de Jean-Pierre Jeunet par images - Statistiques

Statistiques générales
  • Ce quiz a été pris 32 fois
  • Le résultat moyen est 5 sur 8
Statistiques - réponses
Par images Réponse % Correct
Le Fabuleux Destin d'Amélie Poulain (2001)
100%
Alien, la résurrection (1997)
85%
Un Long Dimanche de fiançailles (2004)
78%
Delicatessen (1991)
70%
La Cité des enfants perdus (1995)
44%
L'Extravagant Voyage du jeune et prodigieux T.S. Spivet (2013)
30%
Micmacs à tire-larigot (2009)
30%
Big Bug (2022)
26%
Aucun quiz correspondant
Distribution des résultats
% des personnes avec chaque résultat
Percentile par nombre de réponses
Votre historique - résultats
Vous n’avez pas pris ce quiz